000
00318nam a2200121Ia 4500
008
190415s9999 xx 000 0 und d
082
_a
RT.0073
100
_a
Tyagi, Renu
245
0
_a
Study of institutional rural credit in Muzaffar Nagar district of Uttar Pradesh
260
_c
1996
300
_a
171p.
942
_c
BK
999
_c
21233
_d
21233